Handbuch des katalanischen / (Record no. 123604)

MARC details
000 -LEADER
campo de control de longitud fija 00552nam a2200193 4500
001 - NÚMERO DE CONTROL
campo de control 123604
003 - IDENTIFICADOR DE NÚMERO DE CONTROL
campo de control ES-MaACL
005 - FECHA Y HORA DE LA ÚLTIMA TRANSACCIÓN
campo de control 20230906192215.0
007 - CAMPO FIJO DE DESCRIPCIÓN FÍSICA--INFORMACIÓN GENERAL
campo de control de longitud fija t|
008 - DATOS DE LONGITUD FIJA--INFORMACIÓN GENERAL
campo de control de longitud fija 070214s1973 sp r ||||1| spa d
100 1# - ENTRADA PRINCIPAL--NOMBRE DE PERSONA
Nombre de persona Quintana, A.
9 (RLIN) 94652
245 10 - MENCIÓN DEL TÍTULO
Título Handbuch des katalanischen /
Mención de responsabilidad, etc. A. Quintana.
260 ## - PUBLICACIÓN, DISTRIBUCIÓN, ETC.
Lugar de publicación, distribución, etc. Barcelona :
Nombre del editor, distribuidor, etc. Barcino,
Fecha de publicación, distribución, etc. 1973.
300 ## - DESCRIPCIÓN FÍSICA
Extensión 310 p. ;
Dimensiones 19 cm +
Material acompañante/anejo 1 map.
490 1# - MENCIÓN DE SERIE
Mención de serie Manuals lingüistics Barcino
830 0# - PUNTO DE ACCESO ADICIONAL DE SERIE-TÍTULO UNIFORME
Título uniforme Manuals lingüistics Barcino
9 (RLIN) 218950
852 ## - LOCALIZACIÓN
Ubicación ES-MaACL
Número de control de estantería C-55718
Sublocalización o colección R.88116
Holdings
Estatus retirado Estado de pérdida Estado de daño No para préstamo Biblioteca de origen Biblioteca actual Ubicación en estantería Fecha de adquisición Fuente de adquisición Total de préstamos Signatura topográfica completa Código de barras Visto por última vez Precio de reemplazo Tipo de ítem Koha
        Biblioteca del Ateneo de Madrid Biblioteca del Ateneo de Madrid Depósito 2 17/01/2008     C-55718 1128780 23/02/2023 23/02/2023 Libro impreso